Europäische Länder mit der niedrigsten Durchschnittshöhe - Statistiken

Allgemein
  • Dieses Quiz wurde 19.084 mal gespielt
  • Das Durchschnittsergebnis liegt bei 7 aus 10
Antwortstatistiken
∅ Höhe Land % Korrekt
30 m Niederlande
95%
34 m Dänemark
83%
61 m Estland
77%
87 m Lettland
77%
110 m Litauen
76%
48 m Vatikanstadt
68%
81 m Monaco
65%
118 m Irland
64%
126 m Malta
64%
139 m Moldawien
33%
Keine übereinstimmenden Quizze gefunden
Verteilung der Resultate
Anzahl Personen mit jedem Resultat
Perzentil nach korrekt beantworteten Fragen
Ihre Resultats-Entwicklung
Sie haben dieses Quiz noch nicht gespielt